[Event "Silkeborg"]
[Site "Silkeborg"]
[Date "1988.??.??"]
[Round "3"]
[White "Berg, Klaus"]
[Black "Schandorff, Lars"]
[Result "1-0"]
[WhiteElo "2370"]
[BlackElo "2400"]
[PlyCount "73"]
[EventDate "1988.10.??"]
[EventType "tourn"]
[EventRounds "9"]
[EventCountry "DEN"]
[EventCategory "8"]
[Source "ChessBase"]
[SourceDate "1996.11.15"]

1. e4 c5 2. Nc3 e6 3. f4 d5 4. Nf3 Nf6 5. e5 Nfd7 6. d4 Nc6 7. Be3 Qb6 8. Na4
Qa5+ 9. c3 c4 10. b4 Qc7 11. g3 b6 12. Bg2 Be7 13. O-O Bb7 14. Qc2 f5 15. exf6
gxf6 16. f5 e5 17. b5 Nd8 18. Nb2 Nf7 19. a4 a6 20. bxa6 Rxa6 21. Nd1 Bc6 22.
dxe5 fxe5 23. g4 Nc5 24. g5 e4 25. g6 hxg6 26. fxg6 exf3 27. gxf7+ Kf8 28. Bxf3
Qd6 29. Qg2 Bf6 30. Bh6+ Kxf7 31. Bh5+ Ke7 32. Rxf6 Qxf6 33. Bg5 Rxh5 34. Qe2+
Kf7 35. Bxf6 Rh7 36. Bd4 Ne4 37. Ne3 1-0

[Event "Silkeborg"]
[Site "Silkeborg"]
[Date "1988.??.??"]
[Round "9"]
[White "Berg, Klaus"]
[Black "Mednis, Edmar John"]
[Result "1/2-1/2"]
[WhiteElo "2370"]
[BlackElo "2440"]
[PlyCount "41"]
[EventDate "1988.10.??"]
[EventType "tourn"]
[EventRounds "9"]
[EventCountry "DEN"]
[EventCategory "8"]
[Source "ChessBase"]
[SourceDate "1996.11.15"]

1. d4 Nf6 2. Nf3 e6 3. e3 b6 4. Bd3 Bb7 5. O-O Be7 6. c4 O-O 7. Nc3 d5 8. b3 c5
9. cxd5 Nxd5 10. Bb2 cxd4 11. Nxd4 Nxc3 12. Bxc3 Nd7 13. Nxe6 fxe6 14. Qh5 Nf6
15. Bxf6 Rxf6 16. Qxh7+ Kf7 17. Qh5+ Kf8 18. Qh8+ Kf7 19. Qh5+ Kf8 20. Qh8+ Kf7
21. Qh5+ 1/2-1/2

[Event "Silkeborg"]
[Site "Silkeborg"]
[Date "1988.??.??"]
[Round "5"]
[White "Berg, Klaus"]
[Black "Farago, Ivan"]
[Result "1/2-1/2"]
[WhiteElo "2370"]
[BlackElo "2475"]
[PlyCount "38"]
[EventDate "1988.10.??"]
[EventType "tourn"]
[EventRounds "9"]
[EventCountry "DEN"]
[EventCategory "8"]
[Source "ChessBase"]
[SourceDate "1996.11.15"]

1. Nf3 Nf6 2. c4 c5 3. Nc3 Nc6 4. e3 e6 5. d4 d5 6. cxd5 Nxd5 7. Bd3 Be7 8. O-O
O-O 9. Nxd5 Qxd5 10. e4 Qd8 11. dxc5 Nb4 12. Bc4 Bxc5 13. Qe2 Bd7 14. Rd1 Qc7
15. a3 Nc6 16. b4 Be7 17. e5 Rfd8 18. Bf4 Be8 19. Bd3 a6 1/2-1/2

[Event "Silkeborg"]
[Site "Silkeborg"]
[Date "1988.??.??"]
[Round "7"]
[White "Berg, Klaus"]
[Black "Rasmussen, Karsten"]
[Result "0-1"]
[WhiteElo "2370"]
[BlackElo "2480"]
[PlyCount "54"]
[EventDate "1988.10.??"]
[EventType "tourn"]
[EventRounds "9"]
[EventCountry "DEN"]
[EventCategory "8"]
[Source "ChessBase"]
[SourceDate "1996.11.15"]

1. e4 c6 2. c4 e5 3. Nf3 Qa5 4. Be2 Nf6 5. Nc3 Bb4 6. Qc2 O-O 7. O-O d5 8. cxd5
cxd5 9. Nxd5 Nxd5 10. exd5 Nd7 11. Bc4 Bd6 12. d3 b5 13. Bb3 Bb7 14. d4 Rad8
15. Bd2 Qb6 16. Be3 exd4 17. Nxd4 Bc5 18. Ne6 fxe6 19. dxe6 Qc6 20. e7+ Kh8 21.
exf8=Q+ Rxf8 22. f3 Bxe3+ 23. Kh1 Qh6 24. Rad1 Nf6 25. g3 Qh5 26. Qe2 Ng4 27.
Rb1 Rxf3 0-1

[Event "Silkeborg"]
[Site "Silkeborg"]
[Date "1988.??.??"]
[Round "6"]
[White "Csom, Istvan"]
[Black "Berg, Klaus"]
[Result "1/2-1/2"]
[WhiteElo "2495"]
[BlackElo "2370"]
[PlyCount "65"]
[EventDate "1988.10.??"]
[EventType "tourn"]
[EventRounds "9"]
[EventCountry "DEN"]
[EventCategory "8"]
[Source "ChessBase"]
[SourceDate "1996.11.15"]

1. Nf3 Nf6 2. c4 c6 3. b3 d5 4. Bb2 Bg4 5. e3 Nbd7 6. Be2 e6 7. O-O Bd6 8. cxd5
cxd5 9. Nc3 O-O 10. h3 Bh5 11. Rc1 a6 12. Nd4 Bxe2 13. Qxe2 Qe7 14. Rc2 Rac8
15. Rfc1 Rc7 16. Ne4 Rxc2 17. Nxf6+ Nxf6 18. Rxc2 Qd7 19. d3 Rc8 20. Nf3 Rxc2
21. Qxc2 Ne8 22. e4 dxe4 23. dxe4 Be7 24. Be5 h6 25. g3 Bf6 26. Bb8 Qd8 27. Bf4
Be7 28. Kg2 Nf6 29. Be5 Nd7 30. Bd4 Nf6 31. Be5 Nd7 32. Bd4 Nf6 33. Be5 1/2-1/2

[Event "Silkeborg"]
[Site "Silkeborg"]
[Date "1988.??.??"]
[Round "1"]
[White "Csom, Istvan"]
[Black "Nielsen, Jorgen G"]
[Result "1/2-1/2"]
[WhiteElo "2495"]
[BlackElo "2260"]
[PlyCount "86"]
[EventDate "1988.10.??"]
[EventType "tourn"]
[EventRounds "9"]
[EventCountry "DEN"]
[EventCategory "8"]
[Source "ChessBase"]
[SourceDate "1996.11.15"]

1. c4 Nf6 2. g3 g6 3. Bg2 Bg7 4. d4 O-O 5. Nc3 d6 6. Nf3 Nbd7 7. O-O e5 8. b3
Re8 9. h3 exd4 10. Nxd4 a6 11. Bb2 Rb8 12. Nc2 Nc5 13. Rc1 Nfe4 14. Nb4 a5 15.
Nbd5 Ng5 16. Kh2 Nge6 17. Qd2 c6 18. Ne3 f5 19. Ncd1 Bxb2 20. Qxb2 Qe7 21. Rc2
Rf8 22. f4 Ng7 23. Qc3 Ra8 24. Nf2 Re8 25. Ned1 Nh5 26. Rd2 Be6 27. Qd4 Rad8
28. Nc3 Nf6 29. e4 fxe4 30. Nfxe4 Nfxe4 31. Bxe4 Bxh3 32. Bd5+ cxd5 33. Kxh3
dxc4 34. bxc4 Qg7 35. Nb5 Ne4 36. Rb2 Rc8 37. Rd1 Qd7+ 38. Kg2 Qg4 39. Rd3 Qe6
40. Nxd6 Nxd6 41. Qxd6 Qe4+ 42. Kh2 Rxc4 43. Qd5+ Qxd5 1/2-1/2

[Event "Silkeborg"]
[Site "Silkeborg"]
[Date "1988.??.??"]
[Round "6"]
[White "Davies, Nigel"]
[Black "Mednis, Edmar John"]
[Result "1-0"]
[WhiteElo "2450"]
[BlackElo "2440"]
[PlyCount "83"]
[EventDate "1988.10.??"]
[EventType "tourn"]
[EventRounds "9"]
[EventCountry "DEN"]
[EventCategory "8"]
[Source "ChessBase"]
[SourceDate "1996.11.15"]

1. Nf3 Nf6 2. c4 c6 3. d4 d5 4. Qb3 e6 5. g3 Bd6 6. Bg2 Nbd7 7. Nc3 O-O 8. O-O
dxc4 9. Qxc4 e5 10. Bg5 h6 11. Bxf6 Qxf6 12. Ne4 Qe7 13. Nxd6 Qxd6 14. Rfd1
exd4 15. Nxd4 Qe5 16. e4 Qh5 17. Qc3 Nb6 18. Rd2 Bd7 19. Nb3 Bh3 20. Nc5 Bxg2
21. Kxg2 Rab8 22. a4 Rfe8 23. a5 Na8 24. f3 b6 25. axb6 axb6 26. Nb3 Rbc8 27.
Ra7 c5 28. Rdd7 Rf8 29. Qd2 Qe5 30. Nc1 c4 31. Ne2 b5 32. Nd4 Nb6 33. Re7 Qd6
34. e5 Qd5 35. e6 Rcd8 36. Rxf7 Rxf7 37. exf7+ Kh8 38. Qe3 Rf8 39. Ne6 Nc8 40.
Nxf8 Nxa7 41. Ng6+ Kh7 42. Nf8+ 1-0

[Event "Silkeborg"]
[Site "Silkeborg"]
[Date "1988.??.??"]
[Round "5"]
[White "Davies, Nigel"]
[Black "Nielsen, Jorgen G"]
[Result "1/2-1/2"]
[WhiteElo "2450"]
[BlackElo "2260"]
[PlyCount "91"]
[EventDate "1988.10.??"]
[EventType "tourn"]
[EventRounds "9"]
[EventCountry "DEN"]
[EventCategory "8"]
[Source "ChessBase"]
[SourceDate "1996.11.15"]

1. Nf3 Nf6 2. c4 g6 3. g3 Bg7 4. Bg2 O-O 5. d4 d6 6. O-O c6 7. b3 a6 8. Bb2 b5
9. Nbd2 Nbd7 10. Qc2 Bb7 11. e4 Ne8 12. e5 Nc7 13. Ne4 d5 14. cxd5 cxd5 15. Nc5
Bc8 16. Rac1 Nxc5 17. dxc5 Bf5 18. Qd2 Be4 19. Nd4 Bxg2 20. Kxg2 Qc8 21. f4 Ne6
22. Rfd1 Rd8 23. c6 Nxd4 24. Bxd4 e6 25. Qa5 Re8 26. Rc2 Bf8 27. Rdc1 Be7 28.
h4 h6 29. c7 Kh7 30. Rc6 Rg8 31. Qc3 a5 32. Qd3 b4 33. Qc2 Kg7 34. Kf3 h5 35.
Kg2 Rh8 36. Rb6 Qd7 37. Rb7 Rhc8 38. Qc6 Qxc6 39. Rxc6 Kf8 40. Ra7 Rxa7 41.
Bxa7 Ke8 42. Bb8 Kd7 43. Ra6 f6 44. exf6 Bxf6 45. Rxa5 Be7 46. Kf3 1/2-1/2

[Event "Silkeborg"]
[Site "Silkeborg"]
[Date "1988.??.??"]
[Round "6"]
[White "Farago, Ivan"]
[Black "Schandorff, Lars"]
[Result "1/2-1/2"]
[WhiteElo "2475"]
[BlackElo "2400"]
[PlyCount "89"]
[EventDate "1988.10.??"]
[EventType "tourn"]
[EventRounds "9"]
[EventCountry "DEN"]
[EventCategory "8"]
[Source "ChessBase"]
[SourceDate "1996.11.15"]

1. d4 Nf6 2. c4 e6 3. Nf3 b6 4. a3 Bb7 5. Nc3 d5 6. cxd5 Nxd5 7. Qc2 Be7 8. Bd2
O-O 9. e4 Nxc3 10. Bxc3 c5 11. dxc5 Bxc5 12. Rd1 Qc8 13. Bd3 Rd8 14. O-O Nc6
15. e5 h6 16. Bh7+ Kh8 17. Be4 Qc7 18. b4 Bf8 19. Bb2 Rac8 20. Rxd8 Nxd8 21.
Qxc7 Rxc7 22. Bxb7 Nxb7 23. Rc1 Rxc1+ 24. Bxc1 a5 25. Bd2 axb4 26. axb4 Kg8 27.
Nd4 Nd8 28. Kf1 f6 29. exf6 gxf6 30. Ke2 e5 31. Nf5 Nc6 32. b5 Na7 33. Nxh6+
Kg7 34. Be3 Nxb5 35. Ng4 Bc5 36. Kd3 Nd6 37. Bxc5 bxc5 38. Ne3 Kg6 39. Nc4 Nf5
40. Ke4 Ne7 41. Nd6 Kg5 42. f3 f5+ 43. Kxe5 Ng6+ 44. Kd5 Nf4+ 45. Kxc5 1/2-1/2

[Event "Silkeborg"]
[Site "Silkeborg"]
[Date "1988.??.??"]
[Round "4"]
[White "Farago, Ivan"]
[Black "Jacobsen, Bo"]
[Result "1-0"]
[WhiteElo "2475"]
[BlackElo "2280"]
[PlyCount "91"]
[EventDate "1988.10.??"]
[EventType "tourn"]
[EventRounds "9"]
[EventCountry "DEN"]
[EventCategory "8"]
[Source "ChessBase"]
[SourceDate "1996.11.15"]

1. d4 Nf6 2. c4 d6 3. Nc3 e5 4. Nf3 e4 5. Ng5 Bf5 6. g4 Bxg4 7. Bg2 Nc6 8.
Ngxe4 Nxe4 9. Nxe4 Be7 10. h3 Bd7 11. O-O O-O 12. Nc3 f5 13. Nd5 Bh4 14. c5 Kh8
15. cxd6 cxd6 16. Bf4 Be6 17. Nc3 Ne7 18. Nb5 Bd5 19. f3 Ng6 20. Bxd6 Be7 21.
Bxe7 Qxe7 22. Qd2 f4 23. Nc3 Rad8 24. Rae1 Qe3+ 25. Qxe3 fxe3 26. Rc1 Nf4 27.
Rfe1 Rf5 28. Kh2 Be6 29. Nd1 Nd5 30. f4 Rxf4 31. Bxd5 Rxd5 32. Nxe3 Rdxd4 33.
Ng2 Rfe4 34. Rc7 h5 35. Rxb7 Rd2 36. Kg3 Bxa2 37. Nf4 h4+ 38. Kf3 Ra4 39. Rg1
Rdd4 40. Rg4 g5 41. Ng6+ Kg8 42. Rxg5 Rdb4 43. Nxh4+ Kf8 44. Ng6+ Ke8 45. Re7+
Kd8 46. Rf5 1-0

[Event "Silkeborg"]
[Site "Silkeborg"]
[Date "1988.??.??"]
[Round "2"]
[White "Farago, Ivan"]
[Black "Davies, Nigel"]
[Result "1-0"]
[WhiteElo "2475"]
[BlackElo "2450"]
[PlyCount "77"]
[EventDate "1988.10.??"]
[EventType "tourn"]
[EventRounds "9"]
[EventCountry "DEN"]
[EventCategory "8"]
[Source "ChessBase"]
[SourceDate "1996.11.15"]

1. d4 d6 2. Nf3 Bg4 3. c4 Bxf3 4. exf3 c6 5. Nc3 Nf6 6. d5 Nbd7 7. Be2 g6 8.
O-O Bg7 9. Be3 O-O 10. f4 cxd5 11. cxd5 Qa5 12. a3 Rfc8 13. Bd4 Ne8 14. Bg4 f5
15. Bf3 Bxd4 16. Qxd4 Qb6 17. Qd2 Nef6 18. Rae1 Kf8 19. Re3 Ng8 20. Ne2 Nc5 21.
b4 Nd7 22. Nd4 Ndf6 23. h3 h5 24. Ne6+ Ke8 25. Rc1 a5 26. bxa5 Rxc1+ 27. Qxc1
Qxa5 28. Nc7+ Kf7 29. Nxa8 Qxa8 30. Qc7 b5 31. Qc6 Qa4 32. Qc1 Qd4 33. Rb3 Nxd5
34. Qb2 Qc4 35. Bxd5+ Qxd5 36. Rxb5 Qe4 37. Qb3+ Kg7 38. Rb8 Nf6 39. Qe3 1-0

[Event "Silkeborg"]
[Site "Silkeborg"]
[Date "1988.??.??"]
[Round "7"]
[White "Jacobsen, Bo"]
[Black "Davies, Nigel"]
[Result "1/2-1/2"]
[WhiteElo "2280"]
[BlackElo "2450"]
[PlyCount "40"]
[EventDate "1988.10.??"]
[EventType "tourn"]
[EventRounds "9"]
[EventCountry "DEN"]
[EventCategory "8"]
[Source "ChessBase"]
[SourceDate "1996.11.15"]

1. c4 g6 2. g3 Bg7 3. Bg2 Nf6 4. Nc3 O-O 5. d4 d6 6. Nf3 c6 7. O-O Bf5 8. b3
Ne4 9. Bb2 a5 10. Nh4 Nxc3 11. Bxc3 Be6 12. Qd3 d5 13. e4 dxe4 14. Qxe4 Nd7 15.
Rad1 Nf6 16. Qe2 Qc8 17. Rfe1 Re8 18. a4 Bh3 19. Bh1 Bg4 20. Nf3 b5 1/2-1/2

[Event "Silkeborg"]
[Site "Silkeborg"]
[Date "1988.??.??"]
[Round "5"]
[White "Jacobsen, Bo"]
[Black "Csom, Istvan"]
[Result "0-1"]
[WhiteElo "2280"]
[BlackElo "2495"]
[PlyCount "40"]
[EventDate "1988.10.??"]
[EventType "tourn"]
[EventRounds "9"]
[EventCountry "DEN"]
[EventCategory "8"]
[Source "ChessBase"]
[SourceDate "1996.11.15"]

1. f4 c5 2. Nf3 g6 3. g3 b6 4. e4 Bb7 5. Qe2 Bg7 6. d3 Nc6 7. Bh3 d6 8. Nbd2
Qc7 9. g4 Nf6 10. O-O Nd7 11. c3 b5 12. Rd1 a5 13. Nf1 b4 14. d4 Ba6 15. Qf2
bxc3 16. bxc3 cxd4 17. cxd4 Nb4 18. Be3 Qc2 19. Qxc2 Nxc2 20. Rac1 Nxe3 0-1

[Event "Silkeborg"]
[Site "Silkeborg"]
[Date "1988.??.??"]
[Round "1"]
[White "Jacobsen, Bo"]
[Black "Berg, Klaus"]
[Result "0-1"]
[WhiteElo "2280"]
[BlackElo "2370"]
[PlyCount "50"]
[EventDate "1988.10.??"]
[EventType "tourn"]
[EventRounds "9"]
[EventCountry "DEN"]
[EventCategory "8"]
[Source "ChessBase"]
[SourceDate "1996.11.15"]

1. e4 c6 2. d3 d5 3. Nd2 Qc7 4. Ngf3 Bg4 5. h3 Bxf3 6. Qxf3 Nf6 7. d4 e6 8. Bd3
Be7 9. O-O O-O 10. c3 dxe4 11. Nxe4 Nbd7 12. Re1 Rfe8 13. Bf4 Qb6 14. Re2 Nxe4
15. Bxe4 Nf6 16. Rd1 Rad8 17. Bb1 c5 18. Be5 Rd7 19. Rd3 Red8 20. Qf4 Nd5 21.
Qe4 g6 22. Red2 cxd4 23. Rxd4 f6 24. Bf4 f5 25. Qe1 Nxf4 0-1

[Event "Silkeborg"]
[Site "Silkeborg"]
[Date "1988.??.??"]
[Round "3"]
[White "Jacobsen, Bo"]
[Black "Jelling, Erik"]
[Result "0-1"]
[WhiteElo "2280"]
[BlackElo "2350"]
[PlyCount "86"]
[EventDate "1988.10.??"]
[EventType "tourn"]
[EventRounds "9"]
[EventCountry "DEN"]
[EventCategory "8"]
[Source "ChessBase"]
[SourceDate "1996.11.15"]

1. g3 d5 2. Bg2 Nf6 3. d3 c5 4. Nd2 Nc6 5. e4 e5 6. Ngf3 Be7 7. O-O O-O 8. exd5
Nxd5 9. Re1 f6 10. c3 Nc7 11. Nb3 Bg4 12. Qe2 Re8 13. Qe4 Be6 14. Be3 Bd5 15.
Qa4 b5 16. Qg4 Be6 17. Qh4 g5 18. Qh5 Bf7 19. Qh3 Be6 20. g4 Qd7 21. Nxc5 Bxc5
22. Bxc5 Bxg4 23. Qh6 Nd5 24. d4 Nf4 25. Nxg5 Nxg2 26. Ne4 Qf5 27. Nxf6+ Kh8
28. Nxg4 Qxg4 29. Qf6+ Kg8 30. f3 Qh4 31. Qxh4 Nxh4 32. Re4 Nxf3+ 33. Kf2 Nd2
34. Re2 Nc4 35. d5 Nb8 36. Rg1+ Kh8 37. b3 Na5 38. Bb4 Nb7 39. c4 bxc4 40. bxc4
Nd7 41. Rg5 Rac8 42. Re4 Nbc5 43. Rh4 Nd3+ 0-1

[Event "Silkeborg"]
[Site "Silkeborg"]
[Date "1988.??.??"]
[Round "9"]
[White "Jacobsen, Bo"]
[Black "Nielsen, Jorgen G"]
[Result "0-1"]
[WhiteElo "2280"]
[BlackElo "2260"]
[PlyCount "27"]
[EventDate "1988.10.??"]
[EventType "tourn"]
[EventRounds "9"]
[EventCountry "DEN"]
[EventCategory "8"]
[Source "ChessBase"]
[SourceDate "1996.11.15"]

1. c4 e6 2. g3 d5 3. Nf3 g6 4. d4 Bg7 5. Nc3 Ne7 6. h4 h6 7. Bf4 Nbc6 8. Nb5
O-O 9. Nxc7 e5 10. Nxe5 Qxc7 11. Nxg6 Qb6 12. Nxf8 Nxd4 13. Bg2 Qxb2 14. Rc1
0-1

[Event "Silkeborg"]
[Site "Silkeborg"]
[Date "1988.??.??"]
[Round "7"]
[White "Jelling, Erik"]
[Black "Farago, Ivan"]
[Result "0-1"]
[WhiteElo "2350"]
[BlackElo "2475"]
[PlyCount "102"]
[EventDate "1988.10.??"]
[EventType "tourn"]
[EventRounds "9"]
[EventCountry "DEN"]
[EventCategory "8"]
[Source "ChessBase"]
[SourceDate "1996.11.15"]

1. d4 Nf6 2. c4 e6 3. Nc3 Bb4 4. e3 O-O 5. Bd3 d5 6. cxd5 exd5 7. Nge2 Bd6 8.
Nb5 Be7 9. O-O a5 10. Bd2 c6 11. Nbc3 Na6 12. f3 c5 13. Kh1 Bd7 14. g4 Nc7 15.
a4 Ne6 16. Rg1 Bc6 17. Qf1 Qb6 18. Qf2 Ne8 19. Ng3 Bh4 20. Nce2 cxd4 21. exd4
Nd6 22. Qg2 Bxg3 23. Qxg3 Ne4 24. fxe4 dxe4 25. d5 exd3 26. Nc3 Bd7 27. Qxd3
Nc5 28. Qd4 Qb4 29. Ne2 Qxd4 30. Nxd4 Rfd8 31. Rac1 Nd3 32. Rc7 Nf2+ 33. Kg2
Ne4 34. Bf4 Bxg4 35. d6 Nxd6 36. Kf2 Ne4+ 37. Ke3 Nf6 38. Rxb7 Bc8 39. Rb8 Ng4+
40. Kd3 Rxb8 41. Bxb8 Ba6+ 42. Kc3 Rc8+ 43. Kd2 Rxb8 44. Rxg4 Rxb2+ 45. Nc2 h6
46. Rd4 Bb7 47. Kc3 Rb6 48. Ne3 Rc6+ 49. Kb3 Rc5 50. Rd8+ Kh7 51. Rd7 Bc8 0-1

[Event "Silkeborg"]
[Site "Silkeborg"]
[Date "1988.??.??"]
[Round "4"]
[White "Jelling, Erik"]
[Black "Berg, Klaus"]
[Result "1/2-1/2"]
[WhiteElo "2350"]
[BlackElo "2370"]
[PlyCount "135"]
[EventDate "1988.10.??"]
[EventType "tourn"]
[EventRounds "9"]
[EventCountry "DEN"]
[EventCategory "8"]
[Source "ChessBase"]
[SourceDate "1996.11.15"]

1. d4 Nf6 2. c4 e6 3. Nc3 Bb4 4. e3 c5 5. Nge2 cxd4 6. exd4 d5 7. c5 Ne4 8. Bd2
Nxd2 9. Qxd2 a5 10. a3 Bxc3 11. Nxc3 a4 12. Bd3 b6 13. cxb6 Qxb6 14. Bc2 Bd7
15. O-O O-O 16. Rfe1 Nc6 17. Bxa4 Nxd4 18. Bxd7 Nb3 19. Qe2 Nxa1 20. Rxa1 Rfb8
21. a4 Qxb2 22. Qxb2 Rxb2 23. Rc1 Rd8 24. Nd1 Ra2 25. Kf1 Kf8 26. Bb5 g5 27.
Nc3 Ra3 28. Ne2 d4 29. g4 d3 30. Ng3 Rd4 31. h3 Ke7 32. Rd1 Kd6 33. Kg2 Kc5 34.
Be8 f6 35. Bf7 e5 36. Kf3 Kb4 37. Ke3 d2+ 38. Ke2 Kc3 39. Bg8 Raxa4 40. Bxh7
Rab4 41. Bf5 e4 42. Nh5 Rb6 43. Ng3 Rbb4 44. Nf1 Rb2 45. Bg6 Ra2 46. Bh7 Ra7
47. Bf5 Raa4 48. Ne3 Ra2 49. Be6 Ra6 50. Bf7 Ra7 51. Bg6 Ra2 52. Bf5 Rb2 53.
Be6 Rb5 54. Ra1 Rd6 55. Ra3+ Kb4 56. Rb3+ Ka4 57. Rxb5 Kxb5 58. Bd5 d1=Q+ 59.
Nxd1 Rxd5 60. Nc3+ Kc4 61. Nxd5 Kxd5 62. Ke3 Ke5 63. f3 exf3 64. Kxf3 f5 65.
gxf5 Kxf5 66. Kg3 Kf6 67. h4 gxh4+ 68. Kxh4 1/2-1/2

[Event "Silkeborg"]
[Site "Silkeborg"]
[Date "1988.??.??"]
[Round "9"]
[White "Jelling, Erik"]
[Black "Rasmussen, Karsten"]
[Result "1/2-1/2"]
[WhiteElo "2350"]
[BlackElo "2480"]
[PlyCount "22"]
[EventDate "1988.10.??"]
[EventType "tourn"]
[EventRounds "9"]
[EventCountry "DEN"]
[EventCategory "8"]
[Source "ChessBase"]
[SourceDate "1996.11.15"]

1. c4 c6 2. d4 d5 3. cxd5 cxd5 4. Nc3 Nc6 5. Nf3 Nf6 6. Bf4 Bf5 7. e3 e6 8. Bd3
Bxd3 9. Qxd3 Bd6 10. Bxd6 Qxd6 11. O-O O-O 1/2-1/2

[Event "Silkeborg"]
[Site "Silkeborg"]
[Date "1988.??.??"]
[Round "2"]
[White "Jelling, Erik"]
[Black "Mednis, Edmar John"]
[Result "0-1"]
[WhiteElo "2350"]
[BlackElo "2440"]
[PlyCount "132"]
[EventDate "1988.10.??"]
[EventType "tourn"]
[EventRounds "9"]
[EventCountry "DEN"]
[EventCategory "8"]
[Source "ChessBase"]
[SourceDate "1996.11.15"]

1. d4 Nf6 2. c4 e6 3. Nc3 Bb4 4. e3 c5 5. Nge2 d5 6. a3 Bxc3+ 7. Nxc3 cxd4 8.
exd4 dxc4 9. Bxc4 Nc6 10. Be3 O-O 11. O-O b6 12. Ba2 Bb7 13. Qf3 Qd7 14. Rad1
Nb4 15. Qh3 Nxa2 16. Nxa2 Nd5 17. Bd2 Rac8 18. Nc3 Ne7 19. Qd3 Qc6 20. f3 Qc4
21. Qxc4 Rxc4 22. Be3 Rd8 23. Rd2 Rc7 24. Kf2 Ba6 25. Rfd1 Bc4 26. Rc1 Rdc8 27.
Ne4 Ba6 28. Rxc7 Rxc7 29. Nc3 Bc4 30. Rc2 Bd3 31. Rc1 f6 32. Ne4 Rxc1 33. Bxc1
Nf5 34. Be3 Bxe4 35. fxe4 Nd6 36. Kf3 Kf7 37. g4 f5 38. gxf5 exf5 39. e5 Nc4
40. b3 Nxa3 41. d5 Nc2 42. e6+ Ke7 43. Bg5+ Kd6 44. Bf4+ Ke7 45. Bd2 Nd4+ 46.
Kf4 g5+ 47. Kg3 h6 48. Bb4+ Ke8 49. Kf2 Nb5 50. Ke3 a5 51. Be1 Ke7 52. Kd3 Kd6
53. Bf2 Nc7 54. Bxb6 Nxd5 55. Bxa5 Nf4+ 56. Ke3 Nxe6 57. Bd2 Kd5 58. Kf2 Nc5
59. Ba5 Nxb3 60. Bc7 Nc5 61. Kf3 Nd7 62. Bd8 Ne5+ 63. Kg2 Ke4 64. Bf6 f4 65. h4
g4 66. h5 Kf5 0-1

[Event "Silkeborg"]
[Site "Silkeborg"]
[Date "1988.??.??"]
[Round "8"]
[White "Mednis, Edmar John"]
[Black "Jacobsen, Bo"]
[Result "1/2-1/2"]
[WhiteElo "2440"]
[BlackElo "2280"]
[PlyCount "43"]
[EventDate "1988.10.??"]
[EventType "tourn"]
[EventRounds "9"]
[EventCountry "DEN"]
[EventCategory "8"]
[Source "ChessBase"]
[SourceDate "1996.11.15"]

1. c4 d6 2. g3 Nf6 3. Bg2 g6 4. Nc3 Bg7 5. e3 O-O 6. Nge2 Nc6 7. O-O a6 8. d4
Re8 9. h3 Rb8 10. b3 Bd7 11. d5 Na5 12. Bb2 b5 13. cxb5 axb5 14. Nd4 Qc8 15.
Kh2 b4 16. Nce2 Qa6 17. Qd2 c5 18. dxc6 Nxc6 19. Rfd1 Rec8 20. Rac1 Nxd4 21.
Bxd4 Bc6 22. Bxf6 1/2-1/2

[Event "Silkeborg"]
[Site "Silkeborg"]
[Date "1988.??.??"]
[Round "7"]
[White "Mednis, Edmar John"]
[Black "Nielsen, Jorgen G"]
[Result "0-1"]
[WhiteElo "2440"]
[BlackElo "2260"]
[PlyCount "130"]
[EventDate "1988.10.??"]
[EventType "tourn"]
[EventRounds "9"]
[EventCountry "DEN"]
[EventCategory "8"]
[Source "ChessBase"]
[SourceDate "1996.11.15"]

1. e4 c5 2. Nf3 e6 3. d4 cxd4 4. Nxd4 Nf6 5. Nc3 Nc6 6. g3 Bc5 7. Nb3 Bb4 8.
Bg2 d5 9. exd5 Nxd5 10. O-O Nxc3 11. bxc3 Bxc3 12. Rb1 O-O 13. Ba3 Bb4 14. Bb2
Qe7 15. c4 a5 16. Qc2 e5 17. Rfd1 Bg4 18. Rd5 Rac8 19. Rb5 Be6 20. Rd1 f6 21.
Be4 Kh8 22. Qe2 a4 23. Nd2 Na5 24. Ba3 Bxa3 25. Rxa5 Bd6 26. Rxa4 Qd7 27. Ra5
Rfd8 28. Bf3 Bb4 29. Rd5 Bxd5 30. Bxd5 Bxd2 31. Rxd2 b6 32. Rb2 Rb8 33. Rb5 Qa7
34. Qb2 Qc7 35. Kg2 f5 36. Qe2 Rf8 37. Qf3 Qd6 38. Qe2 e4 39. Qe3 Rfd8 40. Qe2
Qf6 41. a4 Re8 42. Qe3 g5 43. Qe2 Kg7 44. Rb3 Rbd8 45. Rb1 Re7 46. Rb5 h6 47.
Qe3 Rd6 48. Qe2 Qd4 49. Qe3 Qxe3 50. fxe3 Ra7 51. Rb4 Kf6 52. Kf2 Ke5 53. Ke2
Ra5 54. Bb7 h5 55. Bd5 h4 56. Kf2 h3 57. Ke2 Rc5 58. Rb1 Rdxd5 59. cxd5 Rc2+
60. Kf1 Rxh2 61. Rxb6 Rd2 62. Rh6 g4 63. a5 Rxd5 64. a6 Rd1+ 65. Kf2 Ra1 0-1

[Event "Silkeborg"]
[Site "Silkeborg"]
[Date "1988.??.??"]
[Round "1"]
[White "Mednis, Edmar John"]
[Black "Schandorff, Lars"]
[Result "1-0"]
[WhiteElo "2440"]
[BlackElo "2400"]
[PlyCount "137"]
[EventDate "1988.10.??"]
[EventType "tourn"]
[EventRounds "9"]
[EventCountry "DEN"]
[EventCategory "8"]
[Source "ChessBase"]
[SourceDate "1996.11.15"]

1. c4 Nf6 2. g3 c6 3. Bg2 d5 4. Qb3 e6 5. Nf3 Be7 6. O-O O-O 7. d4 Nbd7 8. Bf4
Nh5 9. Bd2 b6 10. cxd5 cxd5 11. Nc3 Bb7 12. Rfc1 Rc8 13. Nd1 Ba6 14. Bf1 Bc4
15. Qa4 a6 16. Ne3 Bb5 17. Qb3 Nhf6 18. a4 Bc6 19. Rc2 Bb7 20. Rac1 Rxc2 21.
Rxc2 Qb8 22. a5 b5 23. Bb4 Bxb4 24. Qxb4 Rc8 25. Rxc8+ Qxc8 26. Qd6 Qb8 27.
Qxb8+ Nxb8 28. b4 Nfd7 29. Nc2 Kf8 30. Nfe1 Ke7 31. Nd3 Nc6 32. e3 Na7 33. h4
h6 34. Bg2 Nc8 35. Na1 g5 36. hxg5 hxg5 37. Nb3 Na7 38. Kf1 Nc6 39. Ke2 Kd6 40.
Kd2 Kc7 41. Kc3 Ne7 42. Bf3 Nf5 43. Nbc5 Nxc5 44. Nxc5 Nd6 45. Bh5 Bc8 46. f3
Kd8 47. e4 Ke7 48. Kd3 Ne8 49. e5 Ng7 50. Bg4 f5 51. exf6+ Kxf6 52. Ke3 Nf5+
53. Bxf5 exf5 54. Nd3 Bd7 55. Nf2 Bc8 56. Nd3 Bd7 57. Ne5 Be8 58. Kf2 Kg7 59.
Kg2 Kh6 60. Kh2 Kg7 61. Kh3 Kh6 62. f4 gxf4 63. Nd3 f3 64. Nc5 Kg5 65. Nxa6 f4
66. g4 Bg6 67. Nc5 Be4 68. a6 Kg6 69. Nxe4 1-0

[Event "Silkeborg"]
[Site "Silkeborg"]
[Date "1988.??.??"]
[Round "4"]
[White "Nielsen, Jorgen G"]
[Black "Schandorff, Lars"]
[Result "0-1"]
[WhiteElo "2260"]
[BlackElo "2400"]
[PlyCount "132"]
[EventDate "1988.10.??"]
[EventType "tourn"]
[EventRounds "9"]
[EventCountry "DEN"]
[EventCategory "8"]
[Source "ChessBase"]
[SourceDate "1996.11.15"]

1. e4 c5 2. Nf3 d6 3. c3 Nf6 4. Be2 g6 5. O-O Bg7 6. Bb5+ Nbd7 7. Re1 a6 8. Bf1
Qc7 9. d4 O-O 10. a4 b6 11. Na3 Bb7 12. d5 Rfe8 13. Bf4 Nh5 14. Bg5 e6 15. Bc4
exd5 16. exd5 Rxe1+ 17. Qxe1 Nhf6 18. Rd1 Re8 19. Qf1 Qc8 20. Bf4 Ne4 21. Nd2
Nxd2 22. Rxd2 Ne5 23. Bxe5 Rxe5 24. Re2 Qf5 25. Rxe5 Bxe5 26. g3 Bf6 27. Qd3
Qxd3 28. Bxd3 Bxd5 29. Nc4 b5 30. axb5 axb5 31. Nxd6 c4 32. Be4 Bxe4 33. Nxe4
Be7 34. Kf1 f5 35. Nd2 Bf6 36. Nb1 Be7 37. Ke2 Kf7 38. Nd2 Ke6 39. Nf3 Kd5 40.
h3 b4 41. Ne1 Bf6 42. Kd2 Bg5+ 43. Ke2 Bc1 44. Nc2 Bxb2 45. Nxb4+ Ke5 46. Nc6+
Kd6 47. Nd4 Kd5 48. Kd2 Ba3 49. f3 Bc5 50. Nc2 Kc6 51. Ne3 Kb5 52. Nd5 Bd6 53.
g4 Be5 54. gxf5 gxf5 55. Ne3 Bf4 56. Ke2 Bxe3 57. Kxe3 Ka4 58. f4 Kb3 59. Kd4
h6 60. h4 h5 61. Ke5 Kxc3 62. Kxf5 Kd4 63. Kg6 c3 64. f5 c2 65. f6 c1=Q 66. f7
Qc5 0-1